000 00762na a2200241 4500
001 23027
003 MIRAKIL
005 20181213155148.0
008 170509b tu 000 0
040 _aMilas
_btur
_cTR-AnCHP
041 _atur
082 _a016
_bV26t 1981
090 _a016 V26t 1981
100 _aVarlık, M. Bülent
245 _aTürkiye basın-yayın tarihi kaynakçası
_cM. Bülent Varlık
260 _aAnkara
_b Ankara İktisadi ve Ticari İlimler Akademisi Yayınları
_c1981
300 _a92 s.
_c20 sm.
440 _a Ankara İktisadi ve Ticari İlimler Akademisi Yayınları
_n153
490 _aGazetecilik ve halkla ilişkiler
_v2
504 _aDizin var.
650 _aBasın-yayın
_xTarih
_yKaynakçalar
942 _2ddc
_cBKS
999 _c7760
_d7760